Communist or Fascist? Quiz Stats

 Plays Quiz Updated Sep 13, 2016

Challenge
Share
Tweet
Score 0/20 Timer 05:00
3 Plays Today
% Correct
Fascist
96.3%
Communist
96.3%
Communist
95.5%
Fascist
95.5%
Fascist
95.4%
Communist
95.4%
Communist
93.8%
Communist
93.3%
Communist
93.1%
Fascist
91.6%
% Correct
Communist
91.4%
Fascist
90%
Communist
88.9%
Communist
86.2%
Communist
84.1%
Fascist
80.8%
Fascist
70%
Fascist
66.6%
Fascist
63%
Fascist
38.8%

You're not logged in!

Compare scores with friends on all Sporcle quizzes.
Join for Free
OR
Log In

You Might Also Like...

Show Comments

Extras

Top Quizzes Today


Score Distribution

Your Account Isn't Verified!

In order to create a playlist on Sporcle, you need to verify the email address you used during registration. Go to your Sporcle Settings to finish the process.

Report this User

Report this user for behavior that violates our Community Guidelines.

Details: